000
00304nam a2200109Ia 4500
008
220204s9999 xx 000 0 und d
082
_a
294.5+330.34
_b
SHA
100
_a
SHARMA
245
0
_a
Hindu scriptural value system and the economic development of India
260
_a
Delhi
_b
Chawla
_c
1980
942
_c
BK
999
_c
39753
_d
39753